01953nam a22004094a 4500001001200000003000800012006001900020007001500039008004100054010001700095015001900112016001800131020003600149020003900185040002100224035002100245041001300266050002400279082002500303100004300328240002700371245008400398260007000482300001500552490004000567500003900607504006400646505032500710533015201035630004301187630005801230655002901288700004601317710001701363830003701380856012601417ebr10381295CaPaEBRm u cr cn|||||||||050408s2006 dcu sb 001 0 eng  z 2005010005 aGBA5840062bnb7 z0133062352Uk z081320111X (cloth : alk. paper) z9780813201115 (cloth : alk. paper) aCaPaEBRcCaPaEBR a(OCoLC)6479164871 aenghgrc14aBR60.F3bD53 2006eb04a270 sa224/.98072220 aDidymus,cthe Blind,dca. 313-ca. 398.10aOn Zechariah.lEnglish10aCommentary on Zechariahh[electronic resource] /ctranslated by Robert C. Hill. aWashington, D.C. :bCatholic University of America Press,cc2006. axi, 372 p.1 aThe Fathers of the church ;vv. 111 aTranslated from the Ancient Greek. aIncludes bibliographical references (p. ix-xi) and indexes.0 aCircumstances of composition of the Zechariah Commentary -- Text of the Commentary, Didymus's Biblical text -- Didymus's approach to Scripture -- Style of commentary -- Didymus as interpreter of Zechariah -- Theological accents of the Commentary -- Significance of the Commentary on Zechariah -- Commentary on Zechariah. aElectronic reproduction.bPalo Alto, Calif. :cebrary,d2013.nAvailable via World Wide Web.nAccess may be limited to ebrary affiliated libraries.00aBible.pO.T.pZechariahvCommentaries.00aBible.pO.T.pZechariahxAllegorical interpretations. 7aElectronic books.2local1 aHill, Robert C.q(Robert Charles),d1931-2 aebrary, Inc. 0aFathers of the church ;vv. 111.40uhttp://site.ebrary.com/lib/rucke/Doc?id=10381295zAn electronic book accessible through the World Wide Web; click to view